Programming the 6502

Uloženo v:
Podrobná bibliografie
Hlavní autor: Zaks, Rodnay (Autor)
Médium: Kniha
Jazyk:angličtina
Vydáno: Berkeley Sybex 1978
Témata:
Tagy: Přidat tag
Žádné tagy, Buďte první, kdo vytvoří štítek k tomuto záznamu!

MARC

LEADER 00000nam a2200000 a 4500
001 UCV6534
003 CL-VaPUC
008 930107e19780000US |||||||||||||||||eng|d
082 0 4 |a 005.26  |b ZAK  |2 21 
100 0 |a Zaks, Rodnay  |e author  |9 300673 
245 1 0 |a Programming the 6502 
300 |a 305 p 
942 |c BK 
945 |d 19930107 00:00:00 
260 |a Berkeley  |b Sybex  |c 1978 
650 0 |a Microcomputadores  |9 263190 
650 0 |a Programación de computadores   |9 259531 
650 0 |a Software  |9 387312 
583 |a last modification  |c 19930107 00:00:00  |k Rodrigo Vera 
999 |c 212547  |d 212545 
952 |0 0  |1 0  |4 0  |6 005_260000000000000_ZAK_1978  |7 0  |8 A  |9 193604  |a BIBING  |b BIBING  |d 2019-11-14  |i 2616068  |o 005.26 ZAK 1978  |p 2616068  |r 2025-01-20  |w 2019-11-14  |y BK  |k EIE